[Event "POL-chT 2nd League"]
[Site "Jastrzebia Gora"]
[Date "2024.09.06"]
[Round "7.34"]
[White "Pacuszka, Tomasz"]
[Black "Wydmanski, Szymon"]
[Result "1/2-1/2"]
[WhiteElo "2075"]
[BlackElo "1950"]
[PlyCount "72"]
[EventDate "2024.08.31"]
[EventType "team-swiss"]
[EventRounds "9"]
[EventCountry "POL"]
[SourceTitle "EXT 2025"]
[Source "ChessBase"]
[SourceDate "2024.10.14"]
[SourceVersion "1"]
[SourceVersionDate "2024.10.14"]
[SourceQuality "1"]
[WhiteTeam "Grudziadz Rotmistrz"]
[BlackTeam "Torun AZS UMK"]
[WhiteTeamCountry "POL"]
[BlackTeamCountry "POL"]

1. e4 c5 2. Nf3 d6 3. d4 cxd4 4. Nxd4 Nf6 5. Nc3 a6 6. Be2 e5 7. Nf3 Be7 8. Bg5 Nbd7 9. 0-0 h6 10. Be3 Qc7 11. Nd2 b5 12. Bf3 Bb7 13. Ne2 Nc5 14. Ng3 g6 15. Rc1 Na4 16. c4 Nxb2 17. Qb3 Nxc4 18. Nxc4 bxc4 19. Rxc4 Qd7 20. Rfc1 Rc8 21. Rxc8+ Bxc8 22. Qb8 0-0 23. Bxh6 Re8 24. Rc7 Qd8 25. Qa7 Be6 26. a4 d5 27. h3 dxe4 28. Nxe4 Nd5 29. Rb7 Bc8 30. Rb8 Qd7 31. Qa8 Nc7 32. Qa7 Nd5 33. Qa8 Qd8 34. Rxc8 f5 35. Nd6 Qxc8 36. Ne4 Qd7 1/2-1/2

[Event "Suwalki Warakomska Memorial 8th"]
[Site "Suwalki"]
[Date "2024.07.19"]
[Round "2"]
[White "Dhananjay, S."]
[Black "Pacuszka, Tomasz"]
[Result "1-0"]
[WhiteElo "2207"]
[BlackElo "2131"]
[PlyCount "81"]
[EventDate "2024.07.18"]
[EventType "swiss"]
[EventRounds "9"]
[EventCountry "POL"]
[SourceTitle "EXT 2025"]
[Source "ChessBase"]
[SourceDate "2024.10.14"]
[SourceVersion "1"]
[SourceVersionDate "2024.10.14"]
[SourceQuality "1"]

1. c4 Nf6 2. g3 c5 3. Bg2 d5 4. cxd5 Nxd5 5. Nc3 Nc7 6. Nf3 Nc6 7. a3 e5 8. b4 f6 9. Rb1 Bf5 10. d3 c4 11. b5 Na5 12. Nh4 Be6 13. 0-0 Bc5 14. Na4 Be7 15. Qe1 b6 16. Bd2 Nb3 17. Bb4 g5 18. Bc6+ Kf7 19. Nf3 cxd3 20. exd3 Rb8 21. Bxe7 Qxe7 22. Qc3 Na5 23. d4 Nxc6 24. bxc6 e4 25. Nd2 Bd5 26. Rfe1 Rhe8 27. Qc2 f5 28. Nf3 Ne6 29. Nc3 Rbd8 30. Rb5 Nc7 31. Nxd5 Rxd5 32. Rxd5 Nxd5 33. Qc4 Rd8 34. g4 Kg7 35. gxf5 g4 36. Ne5 e3 37. fxe3 Qh4 38. Qf1 Rf8 39. Qf2 Qg5 40. e4 Nf4 41. Qe3 1-0

[Event "EU-ch Rapid"]
[Site "Katowice"]
[Date "2022.12.18"]
[Round "8"]
[White "Stefanova, Antoaneta"]
[Black "Pacuszka, Tomasz"]
[Result "1-0"]
[WhiteElo "2442"]
[BlackElo "2186"]
[PlyCount "51"]
[EventDate "2022.12.17"]
[EventType "swiss (rapid)"]
[EventRounds "11"]
[EventCountry "POL"]
[SourceTitle "CBM 211 Extra"]
[Source "ChessBase"]
[SourceDate "2023.01.31"]
[SourceVersion "1"]
[SourceVersionDate "2023.01.31"]
[SourceQuality "1"]

1. d4 Nf6 2. Nf3 d5 3. e3 c6 4. Bd3 g6 5. h3 Bg7 6. b3 0-0 7. 0-0 Ne4 8. Bb2 f5 9. c4 e6 10. Ne5 Nd7 11. Nd2 Nxe5 12. dxe5 Nxd2 13. Qxd2 Qc7 14. f4 Rd8 15. Qe2 Bd7 16. Rac1 Be8 17. cxd5 exd5 18. g4 Bd7 19. gxf5 Bxf5 20. Bxf5 gxf5 21. Kh2 Kh8 22. Rg1 Rg8 23. Qh5 Qd7 24. Rg5 Qe6 25. Rcg1 Bh6 26. Qxh6 1-0

[Event "EU-ch Blitz"]
[Site "Katowice"]
[Date "2022.12.16"]
[Round "17"]
[White "Pacuszka, Tomasz"]
[Black "Kruckenhauser, Arthur"]
[Result "1/2-1/2"]
[WhiteElo "2186"]
[BlackElo "2339"]
[PlyCount "101"]
[EventDate "2022.12.16"]
[EventType "swiss (blitz)"]
[EventRounds "22"]
[EventCountry "POL"]
[SourceTitle "CBM 211 Extra"]
[Source "ChessBase"]
[SourceDate "2023.01.31"]
[SourceVersion "1"]
[SourceVersionDate "2023.01.31"]
[SourceQuality "1"]

1. g3 c5 2. Bg2 Nc6 3. d3 g6 4. c3 Bg7 5. h3 e6 6. Nf3 Nge7 7. 0-0 0-0 8. Nbd2 b6 9. e4 Bb7 10. Re1 b5 11. Qc2 b4 12. c4 a5 13. Rb1 a4 14. Qd1 Nd4 15. Nxd4 Bxd4 16. Nf3 Bg7 17. Bg5 Re8 18. Qd2 Qc7 19. Bh6 Bh8 20. Bf4 Qb6 21. h4 Nc6 22. h5 Nd4 23. Nxd4 Bxd4 24. Be3 Bh8 25. Qd1 a3 26. b3 Bc3 27. Rf1 Rac8 28. Bf3 d5 29. Kg2 dxe4 30. dxe4 Rcd8 31. Qc2 Qc6 32. Qe2 Bd4 33. Bg5 Rd7 34. Rh1 Bg7 35. Rbd1 h6 36. Be3 g5 37. Rxd7 Qxd7 38. Rd1 Qc6 39. e5 Qxf3+ 40. Qxf3 Bxf3+ 41. Kxf3 Rc8 42. Ke4 Rc7 43. f4 gxf4 44. gxf4 Bf8 45. f5 exf5+ 46. Kxf5 Kh7 47. Rd8 Bg7 48. Rd5 Bf8 49. Rd8 Bg7 50. Rd5 Bf8 51. Rd8 1/2-1/2

[Event "Suwalki Warakomska Memorial 6th"]
[Site "Suwalki"]
[Date "2022.08.10"]
[Round "9"]
[White "Backiel, Hubert"]
[Black "Pacuszka, Tomasz"]
[Result "0-1"]
[WhiteElo "2127"]
[BlackElo "2202"]
[PlyCount "85"]
[EventDate "2022.08.03"]
[EventType "swiss"]
[EventRounds "9"]
[EventCountry "POL"]
[SourceTitle "CBM 209 Extra"]
[Source "ChessBase"]
[SourceDate "2022.09.30"]
[SourceVersion "1"]
[SourceVersionDate "2022.09.30"]
[SourceQuality "1"]

1. d4 Nf6 2. c4 e6 3. Nc3 Bb4 4. Qc2 0-0 5. a3 Bxc3+ 6. Qxc3 b6 7. Nf3 Bb7 8. e3 c5 9. dxc5 bxc5 10. Be2 d6 11. 0-0 Nbd7 12. b3 Ne4 13. Qc2 f5 14. Bb2 e5 15. Rad1 Rf6 16. Ne1 Rh6 17. f4 Qf6 18. Nf3 Re8 19. Bd3 Qg6 20. fxe5 Nxe5 21. Bxe5 dxe5 22. Qb2 Qh5 23. Be2 g5 24. h3 Ng3 25. Rf2 Nxe2+ 26. Qxe2 g4 27. Ne1 Be4 28. Nd3 g3 29. Qxh5 gxf2+ 30. Kxf2 Rxh5 31. Nxc5 Rg5 32. g3 Rg7 33. Rd6 Rg6 34. Rd7 Rg7 35. Rd6 Rg6 36. Rd7 a5 37. Ra7 Rd8 38. Rxa5 Rd2+ 39. Ke1 Ra2 40. Nxe4 fxe4 41. g4 Rh6 42. Ra8+ Kf7 43. Ra7+ 0-1

[Event "Suwalki Warakomska Memorial 6th"]
[Site "Suwalki"]
[Date "2022.08.09"]
[Round "8"]
[White "Pacuszka, Tomasz"]
[Black "Janeczko, Jakub"]
[Result "1/2-1/2"]
[WhiteElo "2202"]
[BlackElo "2114"]
[PlyCount "66"]
[EventDate "2022.08.03"]
[EventType "swiss"]
[EventRounds "9"]
[EventCountry "POL"]
[SourceTitle "CBM 209 Extra"]
[Source "ChessBase"]
[SourceDate "2022.09.30"]
[SourceVersion "1"]
[SourceVersionDate "2022.09.30"]
[SourceQuality "1"]

1. e4 c5 2. Nf3 d6 3. d4 cxd4 4. Nxd4 Nf6 5. Nc3 a6 6. Be3 e5 7. Nb3 Be7 8. Be2 Be6 9. Nd5 Nbd7 10. Qd3 Bxd5 11. exd5 Rc8 12. 0-0 0-0 13. c4 Ne8 14. Kh1 Bg5 15. f4 exf4 16. Bxf4 Bxf4 17. Rxf4 g6 18. Raf1 Ng7 19. Qd4 f5 20. Qd2 Qe7 21. Re1 Rce8 22. Rff1 Qf6 23. Nd4 Re4 24. Rd1 Rfe8 25. Bf3 R4e5 26. b4 Rc8 27. Rc1 Kh8 28. Nb3 b6 29. a4 Qh4 30. g3 Qh3 31. Bg2 Qg4 32. Bf3 Qh3 33. Bg2 Qg4 1/2-1/2

[Event "Suwalki Warakomska Memorial 6th"]
[Site "Suwalki"]
[Date "2022.08.03"]
[Round "1"]
[White "Nasuta, Grzegorz"]
[Black "Pacuszka, Tomasz"]
[Result "1-0"]
[WhiteElo "2500"]
[BlackElo "2202"]
[PlyCount "67"]
[EventDate "2022.08.03"]
[EventType "swiss"]
[EventRounds "9"]
[EventCountry "POL"]
[SourceTitle "CBM 209 Extra"]
[Source "ChessBase"]
[SourceDate "2022.09.30"]
[SourceVersion "1"]
[SourceVersionDate "2022.09.30"]
[SourceQuality "1"]

1. e4 c6 2. d4 d5 3. e5 Bf5 4. Nf3 e6 5. Be2 c5 6. Be3 Qb6 7. Nc3 Nc6 8. 0-0 Qxb2 9. Qe1 cxd4 10. Bxd4 Nxd4 11. Nxd4 Bb4 12. Rb1 Bxc3 13. Rxb2 Bxe1 14. Rxe1 b6 15. h4 h5 16. Nxf5 exf5 17. c4 d4 18. c5 Ne7 19. cxb6 axb6 20. Rxb6 Nd5 21. Bb5+ Kf8 22. Rd6 Nc3 23. Bc4 Ke7 24. Rxd4 Rhd8 25. Rxd8 Rxd8 26. Rc1 Ne4 27. Bb3 Rd7 28. Rc8 g6 29. Ba4 Rd8 30. Rxd8 Kxd8 31. Bb3 Ke7 32. f4 f6 33. exf6+ Kxf6 34. Kf1 1-0

[Event "Titled Tuesday intern op 08th Mar Early"]
[Site "Chess.com INT"]
[Date "2022.03.08"]
[Round "2"]
[White "Pacuszka, Tomasz"]
[Black "Balint, Vilmos"]
[Result "0-1"]
[WhiteElo "2193"]
[BlackElo "2266"]
[PlyCount "78"]
[EventDate "2022.03.08"]
[EventType "swiss (blitz)"]
[EventRounds "11"]
[EventCountry "USA"]
[SourceTitle "CBM 207 Extra"]
[Source "ChessBase"]
[SourceDate "2022.05.31"]
[SourceVersion "1"]
[SourceVersionDate "2022.05.31"]
[SourceQuality "1"]

1. e4 e5 2. Nf3 Nc6 3. Bb5 Nf6 4. d3 Bc5 5. 0-0 d6 6. c3 0-0 7. Nbd2 a6 8. Ba4 Ba7 9. h3 Ne7 10. Re1 Ng6 11. Nf1 Nh5 12. Be3 Nhf4 13. Bxa7 Rxa7 14. d4 Qf6 15. Re3 Ra8 16. Kh2 Nh4 17. Ne1 Nfxg2 18. Nxg2 Qxf2 19. Rg3 f5 20. Qh5 f4 21. Qxh4 fxg3+ 22. Nxg3 Qxb2 23. Bb3+ Kh8 24. Rg1 Qxc3 25. Qe7 Bxh3 26. Kxh3 Rae8 27. Qh4 exd4 28. Kh2 d3 29. Bd1 Rf2 30. Qh5 Qe5 31. Bg4 Qxh5+ 32. Bxh5 g6 33. Bg4 c5 34. Kh3 c4 35. Ne3 c3 36. Rc1 c2 37. Nc4 d2 38. Nxd2 Rxd2 39. e5 Rxe5 0-1

[Event "EU-ch Blitz"]
[Site "Katowice"]
[Date "2021.12.17"]
[Round "22"]
[White "Malek, Jan"]
[Black "Pacuszka, Tomasz"]
[Result "1/2-1/2"]
[WhiteElo "2149"]
[BlackElo "2193"]
[PlyCount "66"]
[EventDate "2021.12.17"]
[EventType "swiss (blitz)"]
[EventRounds "22"]
[EventCountry "POL"]
[SourceTitle "CBM 205 Extra"]
[Source "ChessBase"]
[SourceDate "2022.01.31"]
[SourceVersion "1"]
[SourceVersionDate "2022.01.31"]
[SourceQuality "1"]

1. d4 d5 2. c4 e5 3. dxe5 d4 4. Nf3 Nc6 5. a3 a5 6. e3 Bc5 7. exd4 Nxd4 8. Be3 Bg4 9. Be2 Bxf3 10. Bxf3 Ne7 11. 0-0 0-0 12. Nc3 Ng6 13. Bxb7 Rb8 14. Bd5 Nb3 15. Bxc5 Nxc5 16. Qd4 Nb3 17. Qe4 Nxa1 18. Rxa1 Rxb2 19. Nb5 Qg5 20. Re1 Qd2 21. Rf1 Rc2 22. Nxc7 Rc1 23. e6 fxe6 24. Qxe6+ Kh8 25. Bf3 Nf4 26. Qe3 Rxf1+ 27. Kxf1 Qd6 28. Nd5 Ne6 29. g3 Nc5 30. Kg2 a4 31. Nf4 Nb3 32. Bd5 Qxa3 33. Qe4 Qd6 1/2-1/2

[Event "Suwalki Warakomska Memorial 5th"]
[Site "Suwalki"]
[Date "2021.08.01"]
[Round "7"]
[White "Pacuszka, Tomasz"]
[Black "Kucza, Karol"]
[Result "0-1"]
[WhiteElo "2184"]
[BlackElo "2337"]
[PlyCount "56"]
[EventDate "2021.07.27"]
[EventType "swiss"]
[EventRounds "9"]
[EventCountry "POL"]
[SourceTitle "CBM 203 Extra"]
[Source "ChessBase"]
[SourceDate "2021.09.30"]
[SourceVersion "1"]
[SourceVersionDate "2021.09.30"]
[SourceQuality "1"]

1. e4 e6 2. d4 d5 3. e5 c5 4. c3 Qb6 5. Nf3 Bd7 6. Be2 cxd4 7. cxd4 Bb4+ 8. Nc3 Bb5 9. 0-0 Bxc3 10. Bxb5+ Qxb5 11. bxc3 Ne7 12. Ba3 Nbc6 13. Qc1 0-0 14. h4 Rfc8 15. Re1 Qd3 16. Re3 Qg6 17. Bxe7 Nxe7 18. Qb1 Nf5 19. Rd3 b6 20. a4 h6 21. a5 Rab8 22. axb6 Rxb6 23. Qd1 a6 24. g3 Nxg3 25. fxg3 Qxg3+ 26. Kh1 Rb2 27. Rd2 Rxd2 28. Nxd2 Rxc3 0-1